[Event "Wch U12"]
[Site "Batumi"]
[Date "2016.10.21"]
[Round "3"]
[White "Tengis, Tsogochir"]
[Black "Volovich, Vasily"]
[Result "1-0"]
[WhiteElo "2093"]
[BlackElo "1924"]
[PlyCount "71"]
[EventDate "2016.10.19"]
[EventType "swiss"]
[EventRounds "11"]
[EventCountry "GEO"]
[SourceTitle "EXT 2018"]
[Source "ChessBase"]
[SourceDate "2017.10.13"]
[SourceVersion "1"]
[SourceVersionDate "2017.10.13"]
[SourceQuality "1"]

1. d4 f5 2. g4 d5 3. gxf5 Bxf5 4. Bg2 Nf6 5. Nc3 c6 6. f3 e6 7. Be3 Qb6 8. Rb1 Nbd7 9. Bf2 0-0-0 10. Qd2 Bb4 11. e3 h6 12. Nge2 g5 13. a3 Bxc3 14. Nxc3 g4 15. fxg4 Nxg4 16. Bg3 Rhg8 17. Bf1 Rde8 18. b4 Qd8 19. b5 Qg5 20. bxc6 bxc6 21. Ba6+ Kd8 22. Rb7 Nxe3 23. Rg1 Nxc2+ 24. Kd1 Qxd2+ 25. Kxd2 Nxd4 26. Bh4+ Kc8 27. Rxg8 Rxg8 28. Rb4+ Kc7 29. Rxd4 Nc5 30. Bg3+ Kb6 31. Na4+ Nxa4 32. Rxa4 c5 33. Be2 Be4 34. Ra6+ Kb7 35. Rxe6 a5 36. Rxh6 1-0

[Event "Ulaanbaatar Ikh Nuudel op"]
[Site "Ulaanbaatar"]
[Date "2016.10.04"]
[Round "8"]
[White "Tengis, Tsogochir"]
[Black "Sukhbold, Yadamsuren"]
[Result "1-0"]
[WhiteElo "2093"]
[BlackElo "1877"]
[PlyCount "75"]
[EventDate "2016.09.29"]
[EventType "swiss"]
[EventRounds "9"]
[EventCountry "MGL"]
[SourceTitle "CBM 174 Extra"]
[Source "ChessBase"]
[SourceDate "2016.10.10"]
[SourceVersion "1"]
[SourceVersionDate "2016.10.10"]
[SourceQuality "1"]

1. d4 d5 2. g3 Bf5 3. Bg2 Nf6 4. c4 c6 5. Nf3 h6 6. 0-0 e6 7. Nc3 Ne4 8. Ne5 Nxc3 9. bxc3 Nd7 10. f4 Be7 11. g4 Nxe5 12. gxf5 Nxc4 13. fxe6 fxe6 14. e4 0-0 15. Qg4 Ba3 16. Qxe6+ Kh8 17. Bxa3 Nxa3 18. exd5 cxd5 19. Qxd5 Qc7 20. Rac1 Rab8 21. Qe5 Qb6 22. Rfe1 Nc4 23. Qe6 Nd6 24. Rb1 Qc7 25. Qe7 Qxe7 26. Rxe7 Rxf4 27. Rd7 Rf6 28. Rf1 Rxf1+ 29. Kxf1 Nb5 30. c4 Nc3 31. Rxb7 Rf8+ 32. Ke1 Rf4 33. Kd2 Nxa2 34. Ke3 Rh4 35. h3 a5 36. c5 Nb4 37. c6 Nxc6 38. Bxc6 1-0

[Event "Ulaanbaatar Ikh Nuudel op"]
[Site "Ulaanbaatar"]
[Date "2016.10.02"]
[Round "6"]
[White "Tengis, Tsogochir"]
[Black "Munkhgal, Gombosuren"]
[Result "0-1"]
[WhiteElo "2093"]
[BlackElo "2446"]
[PlyCount "49"]
[EventDate "2016.09.29"]
[EventType "swiss"]
[EventRounds "9"]
[EventCountry "MGL"]
[SourceTitle "CBM 174 Extra"]
[Source "ChessBase"]
[SourceDate "2016.10.10"]
[SourceVersion "1"]
[SourceVersionDate "2016.10.10"]
[SourceQuality "1"]

1. d4 Nf6 2. g3 e6 3. Bg2 d5 4. Nf3 Be7 5. 0-0 0-0 6. c4 dxc4 7. Nc3 Nc6 8. e3 Rb8 9. Nd2 Na5 10. Qa4 b6 11. Qc2 Bb7 12. Nf3 b5 13. e4 b4 14. e5 Nd5 15. Ne4 b3 16. Qb1 Nb4 17. Nfg5 Bxe4 18. Nxe4 bxa2 19. Rxa2 Nxa2 20. Qxa2 Nb3 21. Be3 Nxd4 22. Qxc4 Rb4 23. Qa6 Nf5 24. Bc5 Bxc5 25. Nxc5 0-1